Communes Limitrophes de Strasbourg - Statistiques

Statistiques générales
  • Ce quiz a été pris 121 fois
    101 depuis la dernière actualisation
  • Le résultat moyen est 6 sur 10
Statistiques - réponses
Communes % Correct
Sud Illkirch-Graffenstaden
92%
Nord Schiltigheim
89%
Sud-Ouest Lingolsheim
74%
Sud-Ouest Ostwald
71%
Nord Bischheim
69%
Est Kehl
68%
Ouest Eckbolsheim
51%
Nord-Est La Wantzenau
49%
Nord-Ouest Oberhausbergen
44%
Sud Eschau
30%
Aucun quiz correspondant
Distribution des résultats
% des personnes avec chaque résultat
Percentile par nombre de réponses
Votre historique - résultats
Vous n’avez pas pris ce quiz depuis la dernière actualisation